| 000 -LEADER |
| fixed length control field |
00540nam a22001577a 4500 |
| 008 - FIXED-LENGTH DATA ELEMENTS--GENERAL INFORMATION |
| fixed length control field |
150612b xxu||||| |||| 00| 0 eng d |
| 020 ## - INTERNATIONAL STANDARD BOOK NUMBER |
| International Standard Book Number |
9781933821153 |
| 080 ## - UNIVERSAL DECIMAL CLASSIFICATION NUMBER |
| Edition identifier |
77.03 |
| 245 00 - TITLE STATEMENT |
| Title |
America the beautiful : |
| Statement of responsibility, etc |
[editor, Robert Sullivan]. |
| 260 ## - |
| -- |
New York : |
| -- |
Life Books, |
| -- |
c2007. |
| 300 ## - |
| -- |
141 f. : |
| -- |
ilustrime.me ngjyr. , harta me ngjyra |
| -- |
36 cm. |
| 650 #0 - |
| -- |
Landscape photography |
| 650 #0 - |
| -- |
Fototgrafi peisazhi |
| 700 1# - |
| -- |
Sullivan, Robert, |
| -- |
1953- |
| 942 ## - ADDED ENTRY ELEMENTS (KOHA) |
| Source of classification or shelving scheme |
|
| Item type |
Books |